000 00690nam a2200277Ia 4500
005 20260324111341.0
008 008 260324s9999 xx 000 0 eng d
020 _a9781003303923
037 _aEBOOK
040 _aCRL
040 _beng
040 _cCRL
041 _2eng
041 _aeng
084 _qCRL
100 _aAlex Oliszewski; Daniel Roth; Daniel Fine
_91138191
245 0 _aDigital Media, Projection Design, and Technology for Theatre
260 _bTaylor and Francis
260 _c2025
365 _a
365 _b230
856 _uhttp://www.taylorfrancis.com/books/9781003303923
942 _cEBOOK
999 _c1726987
_d1726987